20 Cities Around London - Statistics

General Stats
  • This quiz has been taken 2,463 times
  • The average score is 15 of 20
Answers on the Map
Answers color-coded by a green-red scale on the quiz's map according to % correct below.
 
Answer Stats
Distance City % Correct
265.1 km Manchester
96%
340.8 km Paris
93%
164.3 km Birmingham
92%
285.3 km Liverpool
92%
357.8 km Amsterdam
90%
642.9 km Dublin
90%
319.0 km Brussels
89%
557.2 km Glasgow
89%
930.8 km Berlin
88%
720.6 km Hamburg
75%
958.6 km Milan
74%
955.2 km Copenhagen
73%
917.4 km Munich
73%
636.7 km Frankfurt
69%
733.1 km Lyon
69%
755.4 km Zurich
69%
917.1 km Turin
63%
242.5 km Lille
55%
740.3 km Bordeaux
50%
728.9 km Stuttgart
49%
No matching quizzes found
Score Distribution
Percent of People with Each Score
Percentile by Number Answered
Your Score History
You have not taken this quiz